书目信息 |
| 题名: |
大改革家邓小平
|
|
| 作者: | 李金龙 , 张明林 著 | |
| 分册: | ||
| 出版信息: | 北京 红旗出版社 2016.03 |
|
| 页数: | 293页 | |
| 开本: | 24cm | |
| 丛书名: | ||
| 单 册: | ||
| 中图分类: | A765 | |
| 科图分类: | ||
| 主题词: | ||
| 电子资源: | ||
| ISBN: | 978-7-5051-3693-9 | |
| 000 | 00863nam0 2200253 450 | |
| 001 | 0120161799921 | |
| 005 | 20160614143723.10 | |
| 010 | @a978-7-5051-3693-9@dCNY39.80 | |
| 100 | @a20160318d2016 em y0chiy50 ea | |
| 101 | 0 | @achi |
| 102 | @aCN@b110000 | |
| 105 | @aa z 000yd | |
| 106 | @ar | |
| 200 | 1 | @a大改革家邓小平@9da gai ge jia deng xiao ping@f李金龙,张明林著 |
| 210 | @a北京@c红旗出版社@d2016.03 | |
| 215 | @a293页@c照片@d24cm | |
| 330 | @a本书以丰富的史料、国内外重要的研究成果、档案资料和为数众多的独家访谈为基础,对邓小平个人性格及执政风格进行了深层分析,并对中国改革开放史进行了完整而独到的阐释。 | |
| 333 | @a大众读者 | |
| 600 | 0 | @a邓小平@f(1904-1997)@x人物研究 |
| 690 | @aA765@v5 | |
| 701 | 0 | @a李金龙@9li jin long@4著 |
| 701 | 0 | @a张明林@9zhang ming lin@4著 |
| 801 | 0 | @aCN@b人天书店@c20160318 |
| 905 | @b879256-61@dA765@e225@f6 | |
| 大改革家邓小平/李金龙,张明林著.-北京:红旗出版社,2016.03 |
| 293页:照片;24cm |
| 使用对象:大众读者 |
| ISBN 978-7-5051-3693-9:CNY39.80 |
| 本书以丰富的史料、国内外重要的研究成果、档案资料和为数众多的独家访谈为基础,对邓小平个人性格及执政风格进行了深层分析,并对中国改革开放史进行了完整而独到的阐释。 |
| ● |
| 相关链接 |
|
|
|
|
正题名:大改革家邓小平
索取号:A765/225
 
预约/预借
| 序号 | 登录号 | 条形码 | 馆藏地/架位号 | 状态 | 备注 |
| 1 | 879256 | 208792564 | 第一样本阅览室/ [索取号:A765/225] | 在馆 | |
| 2 | 879257 | 208792573 | 教育系资料室/ [索取号:A765/225] | 在馆 | |
| 3 | 879258 | 208792582 | 教育系资料室/ [索取号:A765/225] | 在馆 | |
| 4 | 879259 | 208792591 | 教育系资料室/ [索取号:A765/225] | 在馆 | |
| 5 | 879260 | 208792608 | 第一借阅区/ [索取号:A765/225] | 在馆 | |
| 6 | 879261 | 208792617 | 第一借阅区/ [索取号:A765/225] | 在馆 |